Mujer y educación de niños en sectores populares

Uloženo v:
Podrobná bibliografie
Hlavní autor: Ruiz Bravo, Patricia (Autor)
Médium: Kniha
Jazyk:španělština
Vydáno: Santiago Unesco 1995
Témata:
Tagy: Přidat tag
Žádné tagy, Buďte první, kdo vytvoří štítek k tomuto záznamu!

MARC

LEADER 00000nam a2200000 a 4500
001 UCP2393
003 CL-VaPUC
008 990514e19950000CL |||||||||||||||||spa|d
082 0 4 |a 376  |b RUI  |2 21 
100 0 |a Ruiz Bravo, Patricia  |e author  |9 429102 
245 1 0 |a Mujer y educación de niños en sectores populares 
300 |a 91 p 
942 |c BK 
945 |d 19990514 00:00:00  |a rbrito 
260 |a Santiago  |b Unesco  |c 1995 
650 7 |a EDUCACION DE LA MUJER  |2 CL-VaPUC  |9 307884 
650 0 |a Sociología de la educación   |9 260380 
650 0 |a Educación de niños  |9 307451 
583 |a last modification  |c 19990514 00:00:00  |k Rodrigo Vera 
999 |c 280928  |d 280926 
952 |0 0  |1 0  |4 0  |6 376_000000000000000_RUI_1995  |7 0  |8 A  |9 321469  |a BIBEDU  |b BIBEDU  |d 2019-11-20  |i 3517330  |o 376 RUI 1995  |p 3517330  |r 2019-11-20  |w 2019-11-20  |y BK  |k BME